Extraterrestrial Races of Marvel (Picture Quiz) - Statistics

General Stats
  • This quiz has been taken 24 times
  • The average score is 12 of 27
Answer Stats
Picture Answer % Correct
Asgardians
100%
Kree
94%
Celestials
89%
Watchers
89%
Skrulls
83%
Symbiotes/Klyntar
78%
Brood
67%
Shi'ar
61%
Xandarians
61%
Flora Colossi
56%
Kronans
50%
Chitauri
44%
Phalanx
44%
Makluan
39%
Badoon
33%
Centaurians
28%
Cotati
28%
Korbinites
28%
Dire Wraiths
22%
Zen-Whoberis
22%
Builders
17%
Kymellians
17%
Plodex
17%
D'Bari
11%
Technarchy
11%
Zenn-Lavians
11%
Snarks
6%
No matching quizzes found
Score Distribution
Percent of People with Each Score
Percentile by Number Answered
Your Score History
You have not taken this quiz